01597nam a22002897a 4500001001000000003000900010005001700019007000300036008004100039040002500080082002100105245011800126260003500244300002800279500053500307505002700842590002800869650004300897650004500940650003700985650003201022910000701054942001401061952010501075952011001180999001701290000017099DO-SdBNP20240513183244.0ta100317e1977 sp a b 001 0 spa d aDO-SdBNPbspacBNPHU 4a372.6bL566p22200aLenguaje 2do.. curso, educación primaria :blibro del alumnocrevisión técnica Margarita Vallejo de Paredes aSanto Domingo :bEdyca,c1977. a104 p. :bil. ;c28 cm. aEl material didáctico para los dos primeros cursos de Educación Primaria (Libros del alumno, cuadernos y guías para el maestro) ha sido creado en el Departamento de Investigaciones Educativas de EDYCA - Editorial Dominicana y del Caribe - utilizando las experiencias, materiales y asesoramiento desarrollados por Educación Santillana en España y Latinoamérica, por el siguiente equipo: Ernestina Grullon, Luisa Maria Altagracia, Argentina Bejaran de Rodriguez, Germecinda LLaverias Colon, Celia Moyano, Ana Silvente.2 aGuía para el maestro aInventariado, 2022 / DG14aEspañolxEnseñanza básica93637914aEspañolxEnseñanza elemental 98003144aEspañol xLibros textos98003240aEducación primaria 91420 aDG 2ddccLBS1 00102ddc51708MOaBNPHUbPDcCTl0oBNPHU PD 372.6 L566pp2022-0580r2022-02-04w2022-02-04yLBS1 00102ddc51708MOaBNPHUbPDcCTl0oBNPHU PD 372.6 L566pp2022-0581r2022-02-04te.2w2022-02-04yLBS1 c51337d51337